Minecraft Hostile Mobs Quiz - Statistics

General Stats
  • This quiz has been taken 1,071 times
    849 since last reset
  • The average score is 12 of 15
Answer Stats
Hint Answer % Correct
shoots with a bow skeleton
98%
blows up creeper
97%
shoots one fireball ghast
96%
climbs walls spider
96%
teleports enderman
94%
shoots skulls wither
91%
shoots three fireballs blaze
90%
poisonous relative of #3 cave spider
85%
has a crossbow pillager
85%
desert relative of zombie husk
81%
hops toward you slime
67%
illager that summons spikes & vexes evoker
63%
wither skeleton
62%
variants of above stray
59%
head-butts you ravager
56%
No matching quizzes found
Score Distribution
Percent of People with Each Score
Percentile by Number Answered
Your Score History
You have not taken this quiz since the last reset